Les 20 plus gros transferts du PSG - Statistiques

Statistiques générales
  • Ce quiz a été pris 1 975 fois
    1 923 depuis la dernière actualisation
  • Le résultat moyen est 13 sur 20
Statistiques - réponses
Club Transfert Club Joueur % Correct
Monaco 180M PSG Mbappe
100%
Barcelone 222M PSG Neymar
100%
PSG 90M Al-Hilal Neymar
100%
Francfort 95M PSG Kolo-Muani
94%
Naples 64.5M PSG Cavani
79%
OL 45M PSG Barcola
74%
Barcelone 50M PSG Dembele
71%
Manchester united 63M PSG Di Maria
70%
Inter 68M PSG Hakimi
70%
Benfica 65M PSG Ramos
70%
Bayern Munich 45M PSG Hernandez
64%
Porto 41.5M PSG Vitinha
60%
Ac Milan 42M PSG Silva
57%
Sporting Portugal 60M PSG Ugarte
54%
PSG 45M Al-Arabi SC Verrati
54%
Palerme 42M PSG Pastore
52%
Inter 50M PSG Icardi
50%
PSG 40M Valence Guedes
43%
Sao Paulo 40M PSG Lucas
41%
Chelsea 49.50M PSG Luiz
41%
Aucun quiz correspondant
Distribution des résultats
% des personnes avec chaque résultat
Percentile par nombre de réponses
Votre historique - résultats
Vous n’avez pas pris ce quiz depuis la dernière actualisation